000 00637cam a22002293a 4500
001 234
003 PGUSA
005 20140828082945.0
008 080702s2008||||xxu|||||s|||||000 1 eng d
040 _aPGUSA
_beng
042 _adc
050 4 _aPR
100 1 _aMorris, William,
_d1834-1896
245 1 0 _aChild Christopher and Goldilind the Fair
_h[electronic resource] /
_cWilliam Morris
260 _bProject Gutenberg,
_c2008
506 _aPublic domain in the USA.
516 _aElectronic text
653 _aFantasy fiction
830 0 _aProject Gutenberg
_v234
856 4 0 _uhttp://www.gutenberg.org/ebooks/234
942 _cEB
999 _c229587
_d229587